00358 a2200097 4500001001000000005001700010008004100027245006400068100002500132773010300157ART_2600020260410161935.0260409a 10aContagios, regímenes cambiarios y monedas supranacionales1 aSturzenegger, Adolfo0 tAnales de la Academia Nacional de Ciencias Económicasg- Vol. XLIV, (1999) (ene. 2000)wREV25596